<?xml version="1.0" encoding="UTF-8"?><?xml-stylesheet type="text/xsl" href="static/style.xsl"?><OAI-PMH xmlns="http://www.openarchives.org/OAI/2.0/" xmlns:xsi="http://www.w3.org/2001/XMLSchema-instance" xsi:schemaLocation="http://www.openarchives.org/OAI/2.0/ http://www.openarchives.org/OAI/2.0/OAI-PMH.xsd"><responseDate>2026-04-17T22:54:21Z</responseDate><request verb="GetRecord" identifier="oai:www.recercat.cat:10256/20597" metadataPrefix="marc">https://recercat.cat/oai/request</request><GetRecord><record><header><identifier>oai:recercat.cat:10256/20597</identifier><datestamp>2024-06-18T11:08:22Z</datestamp><setSpec>com_2072_452955</setSpec><setSpec>com_2072_2054</setSpec><setSpec>col_2072_452959</setSpec><setSpec>col_2072_453080</setSpec></header><metadata><record xmlns="http://www.loc.gov/MARC21/slim" xmlns:dcterms="http://purl.org/dc/terms/" xmlns:xsi="http://www.w3.org/2001/XMLSchema-instance" xmlns:doc="http://www.lyncode.com/xoai" xsi:schemaLocation="http://www.loc.gov/MARC21/slim http://www.loc.gov/standards/marcxml/schema/MARC21slim.xsd">
   <leader>00925njm 22002777a 4500</leader>
   <datafield ind2=" " ind1=" " tag="042">
      <subfield code="a">dc</subfield>
   </datafield>
   <datafield ind2=" " ind1=" " tag="720">
      <subfield code="a">Cunillera-Montcusí, David</subfield>
      <subfield code="e">author</subfield>
   </datafield>
   <datafield ind2=" " ind1=" " tag="720">
      <subfield code="a">Borthagaray, Ana Inés</subfield>
      <subfield code="e">author</subfield>
   </datafield>
   <datafield ind2=" " ind1=" " tag="720">
      <subfield code="a">Boix Masafret, Dani</subfield>
      <subfield code="e">author</subfield>
   </datafield>
   <datafield ind2=" " ind1=" " tag="720">
      <subfield code="a">Gascón Garcia, Stéphanie</subfield>
      <subfield code="e">author</subfield>
   </datafield>
   <datafield ind2=" " ind1=" " tag="720">
      <subfield code="a">Sala Lleal, Jordi</subfield>
      <subfield code="e">author</subfield>
   </datafield>
   <datafield ind2=" " ind1=" " tag="720">
      <subfield code="a">Tornero Pinilla, Irene</subfield>
      <subfield code="e">author</subfield>
   </datafield>
   <datafield ind2=" " ind1=" " tag="720">
      <subfield code="a">Quintana Pou, Xavier</subfield>
      <subfield code="e">author</subfield>
   </datafield>
   <datafield ind2=" " ind1=" " tag="720">
      <subfield code="a">Arim, Matías</subfield>
      <subfield code="e">author</subfield>
   </datafield>
   <datafield ind2=" " ind1=" " tag="260">
      <subfield code="c">2021-07-01</subfield>
   </datafield>
   <datafield ind2=" " ind1=" " tag="520">
      <subfield code="a">Disturbances, such as wildfires, are one of the main drivers of biodiversity dynamics, and their frequency and intensity are expected to increase due to global change. Such disturbances generate a mosaic of affected and unaffected patches that change landscape structure and, consequently, metacommunity networks. Therefore, to fully understand the consequences of such disturbances, a landscape perspective is required. In 2012, a wildfire burned 13 000 hectares in the NE Iberian Peninsula affecting a pond macroinvertebrate metacommunity. Communities were highly resilient to this disturbance, recovering after one hydroperiod. Their resilience was related to dispersal, being lower in species with weak dispersal abilities than those with strong dispersal abilities. This suggested that the metacommunity network played a major role in defining system resilience. In this context, we introduced a theoretical analysis based on this network in which we evaluated metacommunity resilience across several gradients of disturbance size and intensity incorporating species dispersal ability. Our study supports the empirical observation of a highly resilient metacommunity but also reveals that increased disturbance regimes might lead to a collapse of this resilience. Disturbance size and intensity interacted to determine the community recovery rate, which was high when both variables were low. Nevertheless, the transition from high to low resilience was sharp and depended on species dispersal. Diversity recovery was mostly driven by disturbance intensity, abruptly collapsing with its rise. This response highlighted the qualitative difference in the effect of size and intensity. These results not only illustrate the mechanisms shaping the studied metacommunity but also more generally stress the strong role of metacommunity mechanisms and landscape structure in biodiversity resilience. Finally, this study highlights the importance of using theoretical approaches rooted in empirical data to determine metacommunity dynamics and the need to preserve and build connected and heterogeneous landscapes to address future disturbance scenarios</subfield>
   </datafield>
   <datafield ind2=" " ind1=" " tag="520">
      <subfield code="a">Financial support was provided by Ministerio de Economia&#xd;
y Competitividad (CGL2011-23907 and CGL2016-76024-R&#xd;
[AEI/FEDER/UE]), the Generalitat de Catalunya (ref. 2017 SGR&#xd;
548) and to the European Commission, PONDERFUL Horizon&#xd;
2020 project (H2020-LC-CLA-2019-2). AIB thanks the support&#xd;
provided by Comisión Sectorial de Investigación Científica-UdelaR&#xd;
(CSIC I+D-2016). MA thanks support of Fondo Clemente Estable&#xd;
(FCE_1_2014_1_104763). Finally, DC-M thanks the financial&#xd;
support by a PhD grant (FPU014/06783) and a mobility grant&#xd;
(EST16/00854) from Ministerio de Educación, Cultura y Deporte</subfield>
   </datafield>
   <datafield ind1="8" ind2=" " tag="024">
      <subfield code="a">http://hdl.handle.net/10256/20597</subfield>
   </datafield>
   <datafield tag="653" ind2=" " ind1=" ">
      <subfield code="a">Biodiversitat -- Conservació</subfield>
   </datafield>
   <datafield tag="653" ind2=" " ind1=" ">
      <subfield code="a">Biodiversity conservation</subfield>
   </datafield>
   <datafield tag="653" ind2=" " ind1=" ">
      <subfield code="a">Incendis forestals</subfield>
   </datafield>
   <datafield tag="653" ind2=" " ind1=" ">
      <subfield code="a">Forest fires</subfield>
   </datafield>
   <datafield tag="653" ind2=" " ind1=" ">
      <subfield code="a">Boscos i silvicultura -- Factors climàtics</subfield>
   </datafield>
   <datafield tag="653" ind2=" " ind1=" ">
      <subfield code="a">Forests and forestry -- Climatic factors</subfield>
   </datafield>
   <datafield ind2="0" ind1="0" tag="245">
      <subfield code="a">Metacommunity resilience against simulated gradients of wildfire: disturbance intensity and species dispersal ability determine landscape recover capacity</subfield>
   </datafield>
</record></metadata></record></GetRecord></OAI-PMH>